Loading...
| Fine Arts - Painting & Sculpture | 0 | 10 | 2 | 0 | 90 | 36 | 82.40 | 7 | 9 | 0.00 | 0.00 |
| Fine Arts - Classical Music | 0 | 10 | 2 | 0 | 90 | 53 | 88.30 | 5 | 10 | 0.00 | 0.00 |
| Literature - British | 0 | 7 | 0 | 1 | 70 | 65 | 98.86 | 2 | 7 | 0.00 | 0.00 |
| Fine Arts - Other | 0 | 7 | 0 | 0 | 70 | 60 | 89.29 | 4 | 5 | 0.00 | 0.00 |
| Literature - European | 0 | 7 | 0 | 0 | 70 | 82 | 101.86 | 6 | 7 | 0.00 | 0.00 |
| Literature - World | 0 | 7 | 1 | 2 | 65 | 49 | 91.29 | 3 | 7 | 0.00 | 0.00 |
| Mythology | 0 | 5 | 0 | 0 | 50 | 86 | 112.20 | 1 | 4 | 0.00 | 0.00 |
| Literature - American | 0 | 5 | 0 | 0 | 50 | 57 | 94.60 | 2 | 3 | 0.00 | 0.00 |
| Science - Biology | 0 | 5 | 1 | 0 | 45 | 68 | 83.60 | 2 | 4 | 0.00 | 0.00 |
| Social Science | 0 | 4 | 0 | 1 | 40 | 64 | 92.50 | 2 | 3 | 0.00 | 0.00 |
| Philosophy | 0 | 4 | 0 | 0 | 40 | 60 | 97.75 | 2 | 4 | 0.00 | 0.00 |
| Science - Chemistry | 0 | 4 | 2 | 0 | 30 | 57 | 76.50 | 2 | 4 | 0.00 | 0.00 |
| Religion | 0 | 2 | 0 | 1 | 20 | 123 | 128.00 | 1 | 2 | 0.00 | 0.00 |
| Other | 0 | 1 | 1 | 0 | 5 | 99 | 99.00 | 0 | 1 | 0.00 | 0.00 |
| History - European | 0 | 0 | 1 | 0 | -5 | 0.00 | 0 | 0 | 0.00 | 0.00 | |
| History - American | 0 | 0 | 1 | 0 | -5 | 0.00 | 0 | 0 | 0.00 | 0.00 | |
| Science - Physics | 0 | 0 | 1 | 0 | -5 | 0.00 | 0 | 0 | 0.00 | 0.00 |